Personnage Historique #15 - Statistiques

Statistiques générales
  • Ce quiz a été pris 45 fois
  • Le résultat moyen est 5 sur 16
Statistiques - réponses
Par images Réponse % Correct
Charlie Chaplin
100%
Toutânkhamon
85%
Benjamín Franklin
66%
Martin Luther
51%
Douglas MacArthur
44%
Theodore Roosevelt
32%
Francisco Pizarro
20%
Attila
17%
François l'Olonnais
17%
Jean de La Fontaine
17%
Konrad Adenauer
17%
Richard III
7%
Cyrus II
5%
Miyamoto Musashi
5%
Cao Cao
2%
Harry Houdini
2%
Aucun quiz correspondant
Distribution des résultats
% des personnes avec chaque résultat
Percentile par nombre de réponses
Votre historique - résultats
Vous n’avez pas pris ce quiz